| 000 | 00390nam a2200157Ia 4500 | ||
|---|---|---|---|
| 008 | 151213s9999 xx 000 0 und d | ||
| 100 | _aJohn Sturrock | ||
| 245 |
_aStructuralism . With a New Introduction _cJohn Sturrock |
||
| 250 | _a2nd | ||
| 260 |
_aU S A _bBlack Well _c2003 |
||
| 300 | _a3139 p. | ||
| 650 | _aEnglish | ||
| 650 | _aEnglish | ||
| 700 | _aJohn Sturrock | ||
| 999 |
_c2164 _d2164 |
||